Elecciones en Honduras: un intento de interpretación /
Wedi'i Gadw mewn:
| Prif Awdur: | |
|---|---|
| Fformat: | Texto |
| Tagiau: |
Ychwanegu Tag
Dim Tagiau, Byddwch y cyntaf i dagio'r cofnod hwn!
|
MARC
| LEADER | 00000 a a2200000 04500 | ||
|---|---|---|---|
| 001 | 12722 | ||
| 003 | |||
| 040 | |||
| 100 | |a Meza, Víctor Orlando | ||
| 245 | |a Elecciones en Honduras: |b un intento de interpretación / |c Víctor Orlando Meza | ||
| 773 | |g número 11; páginas 19-28 | ||
| 999 | |c 38920 |d 38920 | ||
